Biblioteca

Las obras de referencia y consulta (Registro nro. 69027)

Detalles MARC
000 -LÍDER
Campo fijo de descripción fija 01984nam a2200361 i 4500
001 - NÚMERO DE CONTROL
Campo de control 768714001
003 - IDENTIFICADOR DEL NÚMERO DE CONTROL
Campo de control CO-MdFUSB
005 - FECHA Y HORA DE LA ULTIMA TRANSACCIÓN
control field 20240531062756.0
007 - CAMPO FIJO DE DESCRIPCIÓN FIJA--INFORMACIÓN GENERAL
Campo fijo de descripción fija ta
008 - ELEMENTOS DE LONGITUD FIJA -- INFORMACIÓN GENERAL
Campo fijo de descripción fija -- Información general 230922t19981998spa ||ag |||| 00| 0 spa d
020 ## - NÚMERO INTERNACIONAL NORMALIZADO PARA LIBROS
Número Internacional Normalizado del libro 8482670417
040 ## - FUENTE DE CATALOGACIÓN
Agencia de catalogación original CO-MdFUSB
Agencia que realiza la transcripción CO-MdFUSB
Idioma de catalogación spa
Agencia que realiza la modificación CO-MdFUSBC
Convenciones de la descripción rda
041 ## - CÓDIGO DE IDIOMA
Código de idioma para texto/pista de sonido o título separado spa
082 ## - NÚMERO DE CLASIFICACIÓN DECIMAL DEWEY
Número de la edición del Dewey 23
Número de clasificación 011.02
Clave de autor-Numero de item V695
100 ## - ASIENTO PRINCIPAL--NOMBRE PERSONAL
Nombre personal Vila, Eliseo,
Término relacionador autor
245 14 - TÍTULO
Título del Material Las obras de referencia y consulta
Parte restante del título - Subtitulo : su utilidad y manejo
Mención de responsabilidad, etc. / Eliseo Vila
246 ## - FORMA VARIANTE DEL TITULO
Título propiamente dicho/forma breve del título Las obras de referencia y consulta
Parte restante del título : su utilidad y manejo : Instrumntos de navegación para el líder cristiano.
264 #1 - PRODUCCIÓN, PUBLICACIÓN, DISTRIBUCIÓN, MANUFACTURA, Y COPYRIGHT
Lugar de producción, publicación, distribución, manufactura Barcelona :
Nombre del productor, publicador, distribuidor Clie,
Fecha de producción, publicación, distribución, manufactura, o copyright [1998]
264 #4 - PRODUCCIÓN, PUBLICACIÓN, DISTRIBUCIÓN, MANUFACTURA, Y COPYRIGHT
Fecha de producción, publicación, distribución, manufactura, o copyright ©1998
300 ## - DESCRIPCIÓN FÍSICA
Extensión 384 páginas
Dimensiones ; 24 cm.
336 ## - TIPO DE CONTENIDO
Fuente rdacontent
Término de tipo de contenido texto
Código de tipo de contenido txt
337 ## - TIPO DE MEDIO
Fuente rdamedia
Nombre del tipo de medio sin mediación
Código del tipo de medio n
338 ## - TIPO DE SOPORTE
Fuente rdacarrier
Nombre del tipo de soporte volumen
Código Tipo de soporte nc
500 ## - NOTA GENERAL
Nota General Subtítulo aportado en la cubierta del libro: Instrumntos de navegación para el líder cristiano.
504 ## - NOTA DE BIBLIOGRAFÍA, ETC.
Nota de bibliografía, etc Incluye índice (páginas 7,375-384)
505 ## - NOTA DE CONTENIDO
Nota de contenido con formato preestablecido I. Consejos al navegante -- II. Instrumentos de navegación -- III. Instrumentos de navegación para la teología y la doctrina -- IV. Instrumentos de navegación para la hermenéutica y la exegesis -- V. Instrumentos de navegación para la historia y la patrística -- VI. Instrumentos de navegación para la homilética y la pastoral.
520 ## - NOTA DE RESUMEN, ETC.
Nota de sumario, etc. ¿cómo sacar provecho de la lectura?<br/>¿cómo utilizar mejor la biblioteca pastoral?<br/>¿qué es una obra de referencia y consulta?<br/>¿qué utilidad tiene? ¿cómo se maneja?<br/><br/>El propósito de este libro es contestar a estas preguntas. en sus páginas, el autor nos invita - como en el famoso relato infantil "el guardián de las palabras" - a que le acompañemos en una fascinante aventura por el mundo de papel de la literatura cristiana.
563 ## - NOTA DE ENCUADERNACIÓN
Nota de encuadernación Rústico
650 #7 - ASIENTO SECUNDARIO DE MATERIA - TERMINO TEMÁTICO
Término temático o nombre geográfico como elemento de entrada Cristianismo
Subdivisión de forma Bibliografías,
Fuente del encabezamiento o término
9 (RLIN) 22
653 ## - TÉRMINO DE INDIZACIÓN - NO CONTROLADO
Término no controlado Bibliografías y documentación -- Cristianismo,
942 ## - TIPO DE MATERIAL (KOHA)
Tipo de Item KOHA Libros General
945 ## - INFORMACIÓN LOCAL DEL REGISTRO
Catalogador sor1564
Existencias
Estado de Material Estado de Perdido Forma de Clasificación Estado de Dañado No para Préstamo Colección Biblioteca de Origen Biblioteca Permanente Fecha de Adquisición Área Total de Préstamos Signatura Topográfica Código de Barras Última vez visto Ejemplar/Existencia Fecha de Remplazo Tipo de Material
    Dewey Decimal Classification     Colección General Biblioteca FUSBC Biblioteca FUSBC 22/09/2023 TEOLOGÍA CRISTIANA   G 011.02 V695o 8089 22/09/2023 Ej. 1 22/09/2023 Libros General

Biblioteca FUSBC | Teléfono: (57+4) 349 88 10 Ext. 141| WhatsApp (+57) 3005338115 
E-mail: biblioteca@unisbc.edu.co | Calle 76 87-14 Robledo Palenque, Medellín, Colombia

Con tecnología Koha